Statistics for Egg Hunt - Country Flags Edition

Click here to take the quiz!

General Stats

  • This quiz has been taken 213 times
  • The average score is 9 of 10

Answers on the Map

Answers color-coded by a green-red scale on the quiz's map according to % correct below.
 

Answer Stats

Eggs% Correct
Portugal
98%
Albania
96%
Poland
96%
Malaysia
90%
Andorra
88%
Thailand
88%
Mongolia
87%
Armenia
82%
Madagascar
78%
Equatorial Guinea
67%

Score Distribution

Percentile by Number Answered

Percent of People with Each Score

Your Score History

You have not taken this quiz